| 000 | 00883nam a2200253 u 4500 | ||
|---|---|---|---|
| 005 | 20240313063623.0 | ||
| 008 | 150318s2005 es r 000 0 spa d | ||
| 020 | _a846750451X | ||
| 035 | _aUPN01000202556 | ||
| 049 | _aI | ||
| 050 | 4 |
_aS551.5 _bD6.2 |
|
| 100 | 1 |
_aDouailler, Evelyne _936919 |
|
| 245 | 1 | 4 |
_aLos animales de la granja / _cEvelyne Douailler, Stéphanie Janicot, Emmanuel Chanut ; tr. Marisa Rodríguez ; il. Robert Morton. |
| 260 |
_aMadrid : _bSM, _c2005. |
||
| 300 |
_a[12] h. pleg. : _bil. col. |
||
| 440 | 3 |
_aLa gran enciclopedia para los pequeños curiosos ; _v3 |
|
| 534 |
_pTítulo original: _tLes animaux de la ferme |
||
| 650 | 4 |
_aGranjas _vLiteratura infantil _99433 |
|
| 650 | 7 |
_aLibros ilustrados para niños _2 _921365 |
|
| 700 | 1 |
_aJanicot, Stéphanie, _ecoaut. |
|
| 700 | 1 |
_aChanut, Emmanuel, _ecoaut. |
|
| 905 | _aInfantil | ||
| 999 |
_c174657 _d174657 |
||